Технология конструкционных материалов. Технологические процессы в машиностроении: лабораторный практикум; учебное пособие

Библиографические подробности
Автор-организация: Национальный исследовательский Томский политехнический университет (ТПУ) Институт физики высоких технологий (ИФВТ) Кафедра материаловедения и технологии металлов (МТМ)
Другие авторы: Багинский А. Г. Андрей Геннадьевич, Евтюшкин Ю. А. Юрий Александрович, Фомин Н. И. Николай Ильич, Ковалевская Ж. Г. Жанна Геннадьевна, Лозинский Ю. М. Юрий Михайлович, Образцов В. Н. Валентин Николаевич
Примечания:Заглавие с титульного экрана
Электронная версия печатной публикации
В пособии рассматриваются современные технологические процессы в машиностроении; определяются основные понятия, связанные с обработкой материалов давлением, резанием и сваркой, а также литейными технологиями. Пособие представляет собой лабораторный практикум по курсу "Технология конструкционных материалов". Предназначено для студентов, обучающихся по направлению 150700 «Машиностроение».
Режим доступа: из корпоративной сети ТПУ
Язык:русский
Опубликовано: Томск, Изд-во ТПУ, 2013
Предметы:
Online-ссылка:http://www.lib.tpu.ru/fulltext2/m/2014/m024.pdf
Формат: MixedMaterials Электронный ресурс Книга
Запись в KOHA:https://koha.lib.tpu.ru/cgi-bin/koha/opac-detail.pl?biblionumber=252866

MARC

LEADER 00000nlm0a2200000 4500
001 252866
005 20240221110107.0
035 |a (RuTPU)RU\TPU\book\275230 
090 |a 252866 
100 |a 20140306d2013 m y0rusy50 ca 
101 0 |a rus 
102 |a RU 
105 |a a j 001zy 
135 |a drcn ---uucaa 
181 0 |a i  
182 0 |a b 
200 1 |a Технология конструкционных материалов. Технологические процессы в машиностроении  |e лабораторный практикум  |e учебное пособие  |f А. Г. Багинский [и др.]  |g Национальный исследовательский Томский политехнический университет (ТПУ) 
203 |a Текст  |c электронный 
210 |a Томск  |c Изд-во ТПУ  |d 2013 
300 |a Заглавие с титульного экрана 
300 |a Электронная версия печатной публикации 
330 |a В пособии рассматриваются современные технологические процессы в машиностроении; определяются основные понятия, связанные с обработкой материалов давлением, резанием и сваркой, а также литейными технологиями. Пособие представляет собой лабораторный практикум по курсу "Технология конструкционных материалов". Предназначено для студентов, обучающихся по направлению 150700 «Машиностроение». 
333 |a Режим доступа: из корпоративной сети ТПУ 
337 |a Adobe Reader 
488 1 |0 (RuTPU)RU\TPU\book\275229  |t Технология конструкционных материалов. Технологические процессы в машиностроении  |o рабочая тетрадь  |o учебное пособие  |f А. Г. Багинский, И. А. Хворова  |g Национальный исследовательский Томский политехнический университет (ТПУ), Институт физики высоких технологий (ИФВТ), Кафедра материаловедения и технологии металлов (МТМ)  |c Томск  |n Изд-во ТПУ  |d 2013  |a Багинский, Андрей Геннадьевич 
606 1 |a Конструкционные материалы  |2 stltpush  |3 (RuTPU)RU\TPU\subj\15449 
610 1 |a электронный ресурс 
610 1 |a учебные пособия 
610 1 |a труды учёных ТПУ 
610 1 |a лабораторные работы 
610 1 |a технологические процессы 
610 1 |a машиностроение 
610 1 |a литейные формы 
610 1 |a оборудование 
610 1 |a технологии 
610 1 |a литье 
610 1 |a специальные виды 
610 1 |a отливки 
610 1 |a проектирование 
610 1 |a кузнечная ковка 
610 1 |a поковки 
610 1 |a объемная штамповка 
610 1 |a ручная дуговая сварка 
610 1 |a контактная сварка 
610 1 |a резание 
610 1 |a обработка 
610 1 |a металлы 
610 1 |a конические поверхности 
610 1 |a токарно-винторезные станки 
610 1 |a резьба 
610 1 |a нарезание резьбы 
610 1 |a делительные головки 
675 |a 620.22(075.8)  |v 3 
701 1 |a Багинский  |b А. Г.  |c специалист в области материаловедения  |c старший преподаватель Томского политехнического университета  |f 1963-  |g Андрей Геннадьевич  |3 (RuTPU)RU\TPU\pers\27007  |9 12592 
701 1 |a Евтюшкин  |b Ю. А.  |c специалист в области материаловедения  |c доцент Томского политехнического университета  |f 1929-  |g Юрий Александрович  |3 (RuTPU)RU\TPU\pers\26501 
701 1 |a Фомин  |b Н. И.  |c специалист в области машиностроения  |c доцент Томского политехнического университета, кандидат технических наук  |f 1949-  |g Николай Ильич  |3 (RuTPU)RU\TPU\pers\26384 
701 1 |a Ковалевская  |b Ж. Г.  |c специалист в области материаловедения  |c профессор Томского политехнического университета, доктор технических наук  |c научный сотрудник Института физики прочности и материаловедения СО РАН  |f 1967-  |g Жанна Геннадьевна  |3 (RuTPU)RU\TPU\pers\25820  |9 11693 
701 1 |a Лозинский  |b Ю. М.  |c специалист в области материаловедения  |c доцент Кафедры материаловедения и технологии металлов Томского политехнического университета  |f 1942-  |g Юрий Михайлович  |3 (RuTPU)RU\TPU\pers\26639 
701 1 |a Образцов  |b В. Н.  |g Валентин Николаевич 
712 0 2 |a Национальный исследовательский Томский политехнический университет (ТПУ)  |b Институт физики высоких технологий (ИФВТ)  |b Кафедра материаловедения и технологии металлов (МТМ)  |3 (RuTPU)RU\TPU\col\18689 
801 2 |a RU  |b 63413507  |c 20160616  |g RCR 
856 4 |u http://www.lib.tpu.ru/fulltext2/m/2014/m024.pdf 
942 |c CF